L'homme d'oraison / [por] Jacques Nouet, S.J.

שמור ב:
מידע ביבליוגרפי
מחבר ראשי: Nouet, Jacques, S.J (autor)
פורמט: ספר
סדרה:Oevres de P. Nouet ; 1-27
נושאים:
תגים: הוספת תג
אין תגיות, היה/י הראשונ/ה לתייג את הרשומה!

MARC

LEADER 00000nam^a2200000^u^4500
001 000545068
005 20250521000000.0
008 060220s1000^^^^^^^^^^^^r^^^^^000^0^spa^d
009 20260310131341.413
035 |a FMI 000014425 
037 |a Acervo Xavier Clavigero 
096 |a 4.1/41/B 
100 |a Nouet, Jacques, S.J.  |e (autor) 
245 1 0 |a L'homme d'oraison / [por] Jacques Nouet, S.J. 
264 |a Lyon : Périsse Fréres, 1858-1869 
300 |a v. 
336 |a texto  |b txt  |2 rdacontenido 
337 |a sin mediación  |b n  |2 rdamedio 
338 |a volumen  |b nc  |2 rdasoporte 
440 0 |a Oevres de P. Nouet ; 1-27 
597 |a t. I.-II Sa conduite dans les voies de Dieu.--Ses Méditations et entretiens pour tous les jours de l'Année: t. III. 1er. partie: Vie Cachée de Jésus.-t. IV.Tome deuxiéme. 1er partie: Suite de la vie Cachée de Jésus. IIe. Vie souffrante de Jésus.-t. V. Tome troisiéme. IIe. Partie: Suite de la vie souffrante de Jésus.-t. VI. Tome quatriéme. IIIe. Partie: Vie glorieuse de Jésus.-t. VII. Tome cinquiéme. IVe. Partrie: Vie mystique de Jésus-Christ au Saint-Sacrament.-t. VIII. Tome Sixiéme. Ve. Partie: Vie de Jésus Conversant avec les hommes.-t. IX. Tome séptieme. Ve. Partie: Vie de Jésus conversant avec les hommes, II.-t. X. Tome Huitiéme. Ve. Partie: Vie de Jésus Conversant avec les hommes, II.-t. XI. Tome neuviéme. Ve. Partie: Vie de Jésus dans les saints, I.-t. XII. Tome dixiéme. Ve. Partie: Vie de Jésus dans les saints, II.--t. XIII. Ses méditations et entretiens pendant tout le cours de l'Anée. Tome Onziéme. VIe. Partie: Sur le jubilé et les indulgences.--Ses Lectures spirituelles pendant tout le cours de l'Anne: t. XIV. Tome 1er. 1er. Partie: L'aimable Jésus, I.-t. XV. Tome second. 1er. Partie: L'Aimable Jésus, II.-t. XVI. Tome troisiéme. 1er. Partie: L'Aimable Jésus, III.-t. XVII. Tome quatriéme. IIe. Partie: L'Admirable Jésus, I.-t. XVIII. Tome cinquiéme. IIe. Partie: L'admirable Jésus, I.-t. XIX. Tome sixiéme. IIIe. Partie: Jésus le Saint des Saints, I.-t. XX. Tome septiéme. IIIe. Partie: Jésus le Saint des Saints, II.--t. XXI. Exercitia spiritualia secundum normam S. Ignatii de Loyola.--t. XXII. Sa premiére retraite.--Ses retraites annuelles: t. XXIII. Tome Premier.--t. XIV. Tome deuxiéme.-t. XXV. Tome troisiéme.--t. XXVI. Retraite pour se préparer a la mort.--t. XXVII. Méditations spirituelles 
649 |a XX 
650 |a ESPIRITUALIDAD ANTIGUA 
910 |a Fondo Francisco Migoya Covarrubias S.J. 
920 |a Impresos - Libros 
930 |a Fondos Especiales 
905 |a 134 
901 |a SBC11417  |b IT2  |c ESP  |u 20250521 
901 |a SBC11418  |b IT2  |c ESP  |u 20250521 
901 |a SBC11419  |b IT2  |c ESP  |u 20250521 
901 |a SBC11420  |b IT2  |c ESP  |u 20250521 
901 |a SBC11421  |b IT2  |c ESP  |u 20250521 
901 |a SBC11422  |b IT2  |c ESP  |u 20250521 
901 |a SBC11423  |b IT2  |c ESP  |u 20250521 
901 |a SBC11425  |b IT2  |c ESP  |u 20250521 
901 |a SBC11426  |b IT2  |c ESP  |u 20250521 
901 |a SBC11427  |b IT2  |c ESP  |u 20250521 
901 |a SBC11428  |b IT2  |c ESP  |u 20250521 
901 |a SBC11429  |b IT2  |c ESP  |u 20250521 
901 |a SBC11430  |b IT2  |c ESP  |u 20250521 
901 |a SBC11431  |b IT2  |c ESP  |u 20250521 
901 |a SBC11432  |b IT2  |c ESP  |u 20250521 
901 |a SBC11433  |b IT2  |c ESP  |u 20250521 
901 |a SBC11334  |b IT2  |c ESP  |u 20250521 
901 |a SBC11335  |b IT2  |c ESP  |u 20250521 
901 |a SBC11436  |b IT2  |c ESP  |u 20250521 
901 |a SBC11337  |b IT2  |c ESP  |u 20250521 
901 |a SBC11438  |b IT2  |c ESP  |u 20250521 
901 |a SBC11439  |b IT2  |c ESP  |u 20250521 
901 |a SBC11440  |b IT2  |c ESP  |u 20250521 
901 |a SBC11441  |b IT2  |c ESP  |u 20250521 
901 |a SBC11442  |b IT2  |c ESP  |u 20250521 
901 |a SBC11443  |b IT2  |c ESP  |u 20250521 
901 |a SBC11444  |b IT2  |c ESP  |u 20250521 
902 |a https://opac.biblio.iteso.mx/vufind/Record/000545068